000
00321nam a2200145Ia 4500
003
GCL
008
140319s9999 xx 000 0 eng d
040
_a
GCL /
_c
GCL
082
0
4
_a
VIDEO
_b
14
245
1
0
_a
READ WRONGE
260
_a
[S.N] :
_b
NONE
650
0
4
_a
MOTION PICTURES
650
0
4
_a
VIDEO TAPES
942
_2
ddc
_c
BK
999
_c
16573
_d
16573